Butcher's broom /

Bibliographic Details
Main Author: Gunn, Neil M., 1891-1973
Format: Book
Language:English
Published: London : Souvenir Press, 1977.

MARC

Tag First Indicator Second Indicator Subfields
LEADER 00000cam a2200000 i 4500
001 in00000009807
005 20151007051549.0
008 780526s1977 enk 00011 eng d
020 |a 0285622781 
035 |a (OCoLC)03930846 
035 |9 AAA3633AM 
040 |a GUA  |c GUA  |d m.c.  |d TXA  |d UtOrBLW 
049 |a TXAM  |c [A09165896] 
050 4 |a PR6013.U64  |b B8 1977 
100 1 |a Gunn, Neil M.,  |d 1891-1973. 
245 1 0 |a Butcher's broom /  |c by Neil M. Gunn. 
264 1 |a London :  |b Souvenir Press,  |c 1977. 
300 |a 429 pages ;  |c 21 cm. 
336 |a text  |b txt  |2 rdacontent 
337 |a unmediated  |b n  |2 rdamedia 
338 |a volume  |b nc  |2 rdacarrier 
500 |a "First published in 1934 by the Porpoise Press, Edinburgh." 
999 |a MARS 
999 f f |s f01e3553-3759-3751-a560-13208618d157  |i 424dc921-121b-39e1-a3a8-23604a4449b8  |t 0 
952 f f |p ric  |a Texas A&M University  |b Rellis Campus  |c Joint Library Facility  |d Remote Storage  |t 0  |e PR6013.U64 B8 1977  |h Library of Congress classification  |i unmediated -- volume  |m A14809165896 
998 f f |a PR6013.U64 B8 1977  |t 0  |l Remote Storage